YOUR FOOD AND YOU (Record no. 193618)

MARC details
000 -LEADER
fixed length control field 00391nam a22001457a 4500
008 - FIXED-LENGTH DATA ELEMENTS--GENERAL INFORMATION
fixed length control field 221104b ||||| |||| 00| 0 eng d
082 ## - DEWEY DECIMAL CLASSIFICATION NUMBER
Classification number 641.3- ACHAYA
100 ## - MAIN ENTRY--PERSONAL NAME
Personal name ACHAYA (K.T)
245 ## - TITLE STATEMENT
Title YOUR FOOD AND YOU
Medium ENGLISH
260 ## - PUBLICATION, DISTRIBUTION, ETC. (IMPRINT)
Place of publication, distribution, etc NEW DELH
Name of publisher, distributor, etc A.I.C.B
Date of publication, distribution, etc ROHINI
270 ## - ADDRESS
Address A.I.C.B ,ROHINI NEW DELHI
300 ## - PHYSICAL DESCRIPTION
Extent .
Other physical details .
Dimensions 12X13
490 ## - SERIES STATEMENT
Volume number/sequential designation 1-2
942 ## - ADDED ENTRY ELEMENTS (KOHA)
Source of classification or shelving scheme Dewey Decimal Classification
Item type Braille-Books-English
Call number prefix 641.3
Call number suffix ACHAYA
Holdings
Withdrawn status Lost status Not for loan Home library Current library Date acquired Source of acquisition Cost, normal purchase price Full call number Barcode Koha item type
      Braille-Library Braille-Library 04/11/2022 Braille library1 10.00 641.3-ACHAYA BR-003714 Braille-Books-English
      Braille-Library Braille-Library 04/11/2022 Braille library 10.00 641.3-ACHAYA BR-003715 Braille-Books-English

© Delhi Public Library
Hit Counter
free hit counter